CLINICAL MICROBIOLOGY (Record no. 2172)

MARC details
000 -LEADER
fixed length control field 00342nam a2200145Ia 4500
008 - FIXED-LENGTH DATA ELEMENTS--GENERAL INFORMATION
fixed length control field 150201s2007 xx 000 0 und d
082 ## - DEWEY DECIMAL CLASSIFICATION NUMBER
Classification number 616.01
Item number C07T
100 ## - MAIN ENTRY--PERSONAL NAME
Personal name THOMAS, PHILIP A.
245 ## - TITLE STATEMENT
Title CLINICAL MICROBIOLOGY
250 ## - EDITION STATEMENT
Edition statement 1ST
260 ## - PUBLICATION, DISTRIBUTION, ETC. (IMPRINT)
Name of publisher, distributor, etc. ORIENT LONGMAN
Place of publication, distribution, etc. HYD
Date of publication, distribution, etc. 2007
300 ## - PHYSICAL DESCRIPTION
Extent 654
650 ## - SUBJECT ADDED ENTRY--TOPICAL TERM
Topical term or geographic name as entry element MICROBIOLOGY
942 ## - ADDED ENTRY ELEMENTS (KOHA)
Source of classification or shelving scheme Dewey Decimal Classification
Koha item type Books
Holdings
Withdrawn status Lost status Source of classification or shelving scheme Damaged status Not for loan Collection code Home library Current library Shelving location Date acquired Source of acquisition Cost, normal purchase price SGTU Bill Number Total Checkouts Full call number Barcode Date last seen Bill Date Koha item type Date last checked out
    Dewey Decimal Classification     NURSING SGT Medical Library SGT Medical Library Text Book 18/07/2013 ABC DELHI 625.00 SGTU 3622   616.01 C07T FN1414 09/02/2015 18/07/2013 Books  
    Dewey Decimal Classification     NURSING SGT Medical Library SGT Medical Library Text Book 18/07/2013 ABC DELHI 625.00 SGTU 3622 1 616.01 C07T FN1415 22/01/2019 18/07/2013 Books 09/01/2019